000 00575cam a2200181 4500500
005 20260111080201.0
041 _afre
042 _adc
100 1 0 _aLeroy, Marc
_eauthor
245 0 0 _aIntroduction au dossier
260 _c2017.
500 _a29
690 _aautonomie financière
690 _adotations-péréquation
690 _afinances locales
786 0 _nGestion & Finances Publiques | 2 | 2 | 2017-01-30 | p. 5-12 | 1969-1009
856 4 1 _uhttps://droit.cairn.info/revue-gestion-et-finances-publiques-2017-2-page-5?lang=fr&redirect-ssocas=7080
999 _c1615986
_d1615986